Лексико-стилістичний аналіз роману Уільяма Сомерсета Моема "Театр" (Запис № 284137)
[ простий вигляд ]
| 000 -LEADER | |
|---|---|
| fixed length control field | 01772nam a22001577a 4500 |
| 041 ## - LANGUAGE CODE | |
| Language code of text/sound track or separate title | ukr |
| 080 ## - UNIVERSAL DECIMAL CLASSIFICATION NUMBER | |
| Universal Decimal Classification number | 09 |
| 090 ## - LOCALLY ASSIGNED LC-TYPE CALL NUMBER (OCLC); LOCAL CALL NUMBER (OCLC) | |
| Local cutter number (OCLC) ; Book number/undivided call number, CALL (RLIN) | БОБ |
| 100 ## - MAIN ENTRY--PERSONAL NAME | |
| Personal name | Бобер І.В. |
| 245 ## - TITLE STATEMENT | |
| Title | Лексико-стилістичний аналіз роману Уільяма Сомерсета Моема "Театр" |
| 260 ## - PUBLICATION, DISTRIBUTION, ETC. (IMPRINT) | |
| Place of publication, distribution, etc | Острог |
| Name of publisher, distributor, etc | КАФ |
| Date of publication, distribution, etc | 2009 |
| 300 ## - PHYSICAL DESCRIPTION | |
| Extent | 46 |
| 520 ## - SUMMARY, ETC. | |
| Summary, etc | ВСТУП<br/>РОЗДІЛ 1 ЛЕКСИЧНІ ТА СТИЛІСТИЧНІ ОСОБЛИВОСТІ АНГЛІЙСЬКОЇ МОВИ<br/>1.1 Поняття лексикології та лексичного значення слова.<br/>1.1.1 Групи слів за лексичним значенням.<br/>1.1.2 Особливості емоційно-експресивної лексики.<br/>1.2 Особливості стилістичних функцій одиниць.<br/>1.2.1 Семантична структура слова і взаємодія прямих та переносних значень як фактор стилю.<br/>1.2.2 Особливості стилістичних функцій тропів.<br/>1.2.3 Стилістичне функціонування фразеологічних одиниць.<br/>РОЗДІЛ 2 ОСОБЛИВОСТІ ВИКОРИСТАННЯ ЛЕКСИКИ ЗІ СТИЛІСТИЧНОГО ПОГЛЯДУ У РОМАНІ УІЛЬЯМА СОМЕРСЕТА МОЕМА "ТЕАТР"<br/>2.1 Характеристика лексики, вжитої в художньому стилі.<br/>2.2 Стилістичне використання тропів у творі.<br/>2.3 Лексичні засоби розмовного стилю в романі.<br/>ВИСНОВКИ |
| -- | лексикологія, Моем У.С., лексика |
| 650 ## - SUBJECT ADDED ENTRY--TOPICAL TERM | |
| Topical term or geographic name as entry element | Research Papers |
| 942 ## - ADDED ENTRY ELEMENTS (KOHA) | |
| Koha item type | Книги |
| Withdrawn status | Lost status | Source of classification or shelving scheme | Damaged status | Not for loan | Home library | Current library | Date acquired | Source of acquisition | Cost, normal purchase price | Total Checkouts | Full call number | Barcode | Date last seen | Price effective from | Koha item type |
|---|---|---|---|---|---|---|---|---|---|---|---|---|---|---|---|
| Universal Decimal Classification | ВІЛ - Відділ іноземн. літератури НБ | ВІЛ - Відділ іноземн. літератури НБ | 16/04/2009 | Акт №1 | 1.00 | 09 | 213386 | 15/12/2021 | 16/04/2009 | Книги |